000 006430000a22001810004500
003 MACL
005 20160224134935.0
008 160224b xxu||||| |||| 00| 0 eng d
040 _aMACL
_cMACL
041 _aHindi
082 _a800
100 _aडॉ धर्मेन्‍द्र ब्रहाचारी शास्‍त्री
_940029
245 _aप्राचीन हस्‍तलिखित पोथियों का विवरण
260 _bबिहार राष्‍ट्रभाषा परिषद
_aपटना
350 _a3
650 _aLiteracture
_939932
942 _cHIN
_k800
_2ddc
999 _c23744
_d23744